000
00165nam a22000857a 4500
999
_c
16232
_d
16232
003
OSt
008
200625b ||||| |||| 00| 0 eng d
245
_a
Maths
942
_c
BK